000 00295nam a2200121Ia 4500
008 220204s9999 xx 000 0 und d
082 _a82-3
_bBER
100 _aBernstein, Carl
245 0 _aAll the President's men
260 _aNew York
_bWarner
_c1975
700 _aWoodward, Bob
942 _cBK
999 _c29978
_d29978